| 000 | 00931nas a2200277Ia 4500 | ||
|---|---|---|---|
| 001 | R012/42607 | ||
| 003 | IT-RoPAU | ||
| 008 | 151124c99999999xx |||||||||||| ||und|| | ||
| 040 | _aIT-RoPAU | ||
| 040 | _cIT-RoPAU | ||
| 041 | _aITALIANO | ||
| 100 |
_aArtese Alberto _gCodice Aut. SPICS: 21350 |
||
| 210 | _aCINEMA & CINEMA | ||
| 222 | _aCinema & Cinema | ||
| 245 |
_aCINEMA & CINEMA, ANNO 13-N.46 (SETTEMBRE 1986) _bManierismi (Ed Altre Storie) |
||
| 250 | _a1a ed. | ||
| 260 |
_aMILANO _bINTRAPRESA _c1986 |
||
| 501 |
_bPaulus - SPICS - Società San Paolo EM (non-commercial uses only) _cCopyright2015 |
||
| 300 | _a3 p. [77-80] | ||
| 362 | _aANNO 013, N.46 (SETTEMBRE 1986) | ||
| 500 | _aTrentanovesima Edizione del Festival di Cannes. Relazione e Note Critiche Sui Film Presentati. | ||
| 650 |
_aCINEMA _vPUBBLICAZIONE PERIODICA |
||
| 700 | _aDetassis Piera | ||
| 700 | _gCodice Aut. SPICS: 11743 | ||
| 942 | _cCR | ||
| 999 |
_c132947 _d132947 |
||